000 00565nam a2200193Ia 4500
005 20260429112033.0
008 260429s9999||||xx |||||||||||||| ||und||
020 _a9781804899533
041 _aEnglish
082 _a620.00285
_bHER
100 _aHerman, Belinda
245 0 _aArtificial intelligence for materials science /
_cBelinda Herman
260 _aUnited Kingdom :
_bBrilliant Publication Ltd. ,
_c2026.
300 _ax, 286 p.; hb
650 _a Machine learning
650 _a Materials science
650 _aArtificial intelligence
942 _cTB
999 _c52017
_d52017